Indovina il mob di Minecraft #4 - Statistics

Statistiche generali
  • Questo quiz è stato fatto 95 volte
  • Il punteggio medio è 13 su 15
Statistiche sulle risposte
con Immagini Risposta % Corretto
Cavallo
100%
Ape
92%
Capra
92%
Pesce palla
92%
Scheletro
91%
Abitante Zombie
90%
Blaze
90%
Creeper
90%
Cavallo zombie
88%
Piglin
88%
Wither
87%
Pupazzo di neve
86%
Shulker
83%
Girino
82%
Devastatore
42%
Nessun quiz corrispondente trovato
Distribuzione punteggi
Percentuale di utenti per punteggio
Percentile per numero di risposta
I tuoi punteggi nel tempo
Non hai fatto questo quiz